Periodic Table: Elements 1-30 Symbol Quiz - Statistics

General Stats
  • This quiz has been taken 218 times
  • The average score is 24 of 30
Answer Stats
Symbol Element % Correct
H Hydrogen
100%
He Helium
99%
Li Lithium
99%
O Oxygen
96%
C Carbon
95%
Be Beryllium
94%
N Nitrogen
94%
Mg Magnesium
92%
Al Aluminum
90%
B Boron
87%
Si Silicon
87%
Ne Neon
86%
F Fluorine
84%
Na Sodium
83%
Ar Argon
82%
Cl Chlorine
82%
Ca Calcium
81%
S Sulfur
78%
P Phosphorus
77%
K Potassium
77%
Fe Iron
73%
Ti Titanium
68%
Zn Zinc
64%
Mn Manganese
62%
Cu Copper
60%
Sc Scandium
60%
Co Cobalt
58%
Ni Nickel
58%
V Vanadium
56%
Cr Chromium
52%
No matching quizzes found
Score Distribution
Percent of People with Each Score
Percentile by Number Answered
Your Score History
You have not taken this quiz